000 01130cab a2200301 4500
001 WB3424-23
008 090401t1998 xxu||||| |||| 00| 0 eng d
035 _a(Sirsi) u86976
041 _aeng
245 _aFurniture safety offences
260 _c1998
350 _a0
490 _aEstate Agent
_vJune 1998, 10(1)
520 _aA residential letting agent has pleaded guilty to supplying furniture which did not meet fire resistance standards and illegal electrical goods to tenants in accommodation which she had let out.
650 _aCONSUMER PROTECTION ACT 1987
650 _aELECTRICAL EQUIPMENT (SAFETY) REGULATIONS 1994
650 _aMANAGEMENT-HEALTH AND SAFETY-FIRE SAFETY
650 _aFURNITURE AND FURNISHINGS (FIRE) (SAFETY) REGULATIONS 1988
650 _aFURNITURE
650 _aLETTING AGENTS
650 _aMANAGING AGENTS
650 _aPLUGS AND SOCKETS ETC. (SAFETY) REGULATIONS 1994
650 _aPRIVATE RENTED ACCOMMODATION
650 _aSTANDARDS
690 _aPROPERTY-RESIDENTIAL PROPERTY-RESIDENTIAL LANDLORD AND TENANT-RESIDENTIAL TENANCIES
942 _n0
948 _c23/06/1998
999 _c54779
_d54779